000 00980cam a2200265 4500
008 090401t1998 xxu||||| |||| 00| 0 eng d
020 _a0117021520
035 _a(Sirsi) u85206
041 _aeng
050 _a692.8
110 _aProperty Advisers to the Civil Estate
_93610
245 _aGC/Works/2 (1998) : contract for building and civil engineering minor works : general conditions.
250 _a(New Edn.)
260 _aLondon
_bStationery Office
_c1998
300 _aiv,45p. ; 30cm.
350 _a30
520 _aFor Model Forms and Conditions see M91170. Replaces GC/Works/2 (1990) and C1010 (1990). For use on moderately costly building and civil engineering contracts and demolition works of any value.
650 _aBUILT ENVIRONMENT-BUILDING CONTRACT FORMS
650 _aGC/WORKS/2
650 _aGENERAL CONDITIONS OF CONTRACT
650 _aMINOR WORKS
690 _aBUILT ENVIRONMENT-BUILDING CONTRACT FORMS
942 _n0
948 _c26/03/1998
999 _c97020
_d97020